El arte, el terror y la muerte

Sparad:
Bibliografiska uppgifter
Huvudupphovsman: Leyte, Arturo (Författare, medförfattare)
Materialtyp: Bok
Språk:spanska
Publicerad: Madrid Abada 2006
Serie:Lecturas de Estética y Teoría del Arte
Ämnen:
Taggar: Lägg till en tagg
Inga taggar, Lägg till första taggen!

MARC

LEADER 00000cam a2200000 a 4500
001 UCH0092
003 CL-VaPUC
008 090108e20060000SP |||||||||||||||||spa|d
020 |a 9788496258807 
082 0 4 |a 701.17  |b LEY  |2 21 
100 |a Leyte, Arturo  |e author  |9 534177 
245 1 3 |a El arte, el terror y la muerte 
300 |a 96 p 
942 |c BK 
945 |d 20090108 00:00:00  |a jtorresc 
260 |a Madrid  |b Abada  |c 2006 
650 0 |a Filosofía del arte  |9 264951 
650 0 |a Estética   |9 264950 
650 7 |a TERROR  |2 CL-VaPUC  |9 505575 
583 |a last modification  |c 20121217 04:27:15  |k Rodrigo Vera 
490 0 |a Lecturas de Estética y Teoría del Arte 
999 |c 332473  |d 332471 
952 |0 0  |1 0  |4 0  |6 701_170000000000000_LEY_2006  |7 0  |8 A  |9 420190  |a BIBART  |b BIBART  |d 2019-11-22  |i 450819K  |o 701.17 LEY 2006  |p 450819K  |r 2025-03-13  |w 2019-11-22  |y BK  |k ART 
952 |0 0  |1 0  |4 0  |6 701_170000000000000_LEY_2006  |7 0  |8 A  |9 420191  |a BIBART  |b BIBART  |d 2019-11-22  |i 4858115  |l 1  |m 1  |o 701.17 LEY 2006  |p 4858115  |r 2025-03-13  |s 2024-05-03  |w 2019-11-22  |y BK  |k ART